书目信息 |
| 题名: |
国外标准指南
|
|
| 作者: | 夏宗辉 编 | |
| 分册: | ||
| 出版信息: | 上海 上海科学技术出版社 1983.1 |
|
| 页数: | 390页 | |
| 开本: | 20cm | |
| 丛书名: | ||
| 单 册: | ||
| 中图分类: | T-651 | |
| 科图分类: | ||
| 主题词: | 工业技术--规程 , 工业技术--标准 | |
| 电子资源: | ||
| ISBN: | ||
| 000 | 00573nam0 2200205 45 | |
| 001 | 0312221749 | |
| 005 | 20031222170906.7 | |
| 010 | @dCNY2.90 | |
| 100 | @a20031222d1983 km y0chiy0120 ea | |
| 101 | @achi | |
| 105 | @a z 000yy | |
| 200 | 1 | @a国外标准指南@AGuo Wai Biao Zhun Zhi Nan@f夏宗辉等编@FXia Zong Hui Deng Bian |
| 210 | @a上海@c上海科学技术出版社@d1983.1 | |
| 215 | @a390页@d20cm | |
| 606 | 0 | @a工业技术@x规程 |
| 606 | 0 | @a工业技术@x标准 |
| 690 | @aT-651@v3 | |
| 701 | 0 | @a夏宗辉@4编 |
| 801 | @aCN@bTSTCL@c20031222 | |
| 905 | @a213230@dT-651@e69@b210132-133@f2 | |
| 国外标准指南/夏宗辉等编.-上海:上海科学技术出版社,1983.1 |
| 390页;20cm |
| ISBN :CNY2.90 |
| ● |
| 相关链接 |
|
|
|
|
正题名:国外标准指南
索取号:T-651/69
 
预约/预借
| 序号 | 登录号 | 条形码 | 馆藏地/架位号 | 状态 | 备注 |
| 1 | 0210132 | 000882717 | 第三借阅区/ [索取号:T-651/69] | 在馆 | |
| 2 | 0210133 | 000882726 | 第二样本阅览室/ [索取号:T-651/69] | 在馆 |